Design and development of some nanocarrier system(s) of silymarin for dermatological benefit(s) (Record no. 393510)

MARC details
000 -LEADER
fixed length control field 00529nam a22001697a 4500
005 - DATE & TIME
control field 20250912153920.0
008 - FIXED-LENGTH DATA ELEMENTS--GENERAL INFORMATION
fixed length control field 250912b |||||||| |||| 00| 0 eng d
040 ## - CATALOGING SOURCE
Original cataloging agency VIVEKANANDA LIBRARY
082 ## - DDC NUMBER
Classification number 615.1
Book Number D536D
100 ## - MAIN ENTRY--PERSONAL NAME
Personal name Dhawan, Surbhi
245 ## - TITLE STATEMENT
Title Design and development of some nanocarrier system(s) of silymarin for dermatological benefit(s)
260 ## - PUBLICATION, DISTRIBUTION, ETC. (IMPRINT)
Name of publisher, distributor, etc Department of Pharmaceutical Sciences, M D University, Rohtak
Date of publication, distribution, etc 2024
300 ## - PHYSICAL DESCRIPTION
Pages xxvi, 244
650 ## - Subject
Subject Pharmaceutical Science
700 ## - Added Entry Personal Name
Added Entry Personal Name Nanda, Sanju
942 ## - ADDED ENTRY ELEMENTS (KOHA)
Koha item type Books
Holdings
Withdrawn status Lost status Source of classification or shelving scheme Damaged status Not for loan Location (home branch) Sublocation or collection (holding branch) Shelving location Date acquired Koha issues (times borrowed) Koha full call number Accession No. Koha date last seen Copy number Koha item type
    Dewey Decimal Classification     VIVEKANANDA LIBRARY VIVEKANANDA LIBRARY Vivekananda Library 12/09/2025   615.1 D536D 411032 12/09/2025 R Books
© Designed and Maintained by Vivekananda Library, MDU Rohtak